<?xml version="1.0" encoding="UTF-8"?>
<record
    xmlns:xsi="http://www.w3.org/2001/XMLSchema-instance"
    xsi:schemaLocation="http://www.loc.gov/MARC21/slim http://www.loc.gov/standards/marcxml/schema/MARC21slim.xsd"
    xmlns="http://www.loc.gov/MARC21/slim">

  <leader>01046nam0a22003011  4500</leader>
  <controlfield tag="001">RU\INGAK2\INFOCOMM_322\NLR\5000174423</controlfield>
  <controlfield tag="005">20250625202921.0</controlfield>
  <datafield tag="010" ind1=" " ind2=" ">
    <subfield code="9">200038 &#x44D;&#x43A;&#x437;.</subfield>
    <subfield code="a">5-05-000531-0</subfield>
  </datafield>
  <datafield tag="035" ind1=" " ind2=" ">
    <subfield code="a">(NLR Aleph) 011041161</subfield>
  </datafield>
  <datafield tag="090" ind1=" " ind2=" ">
    <subfield code="a">11154043</subfield>
    <subfield code="c">11154043</subfield>
  </datafield>
  <datafield tag="100" ind1=" " ind2=" ">
    <subfield code="a">20130213d1985    |||y0rusy50      ca</subfield>
  </datafield>
  <datafield tag="101" ind1="1" ind2=" ">
    <subfield code="a">pol</subfield>
    <subfield code="c">rus</subfield>
  </datafield>
  <datafield tag="102" ind1=" " ind2=" ">
    <subfield code="a">PL</subfield>
    <subfield code="a">RU</subfield>
  </datafield>
  <datafield tag="105" ind1=" " ind2=" ">
    <subfield code="a">y z||||</subfield>
  </datafield>
  <datafield tag="200" ind1="1" ind2=" ">
    <subfield code="a">Dzielny marcin</subfield>
    <subfield code="e">Bajka</subfield>
    <subfield code="f">Tatjana Makarowa</subfield>
    <subfield code="g">Prze&#x142;. z ros. Danuta Wawi&#x142;ow</subfield>
    <subfield code="g">Il. Giennadij Pawliszyn</subfield>
  </datafield>
  <datafield tag="210" ind1=" " ind2=" ">
    <subfield code="a">Warszawa</subfield>
    <subfield code="c">Ksi&#x105;&#x17C;ka i wiedza</subfield>
    <subfield code="a">M.</subfield>
    <subfield code="c">Raduga</subfield>
    <subfield code="d">1985</subfield>
  </datafield>
  <datafield tag="215" ind1=" " ind2=" ">
    <subfield code="a">[20] &#x441;.</subfield>
    <subfield code="c">&#x446;&#x432;. &#x438;&#x43B;.</subfield>
    <subfield code="d">28 &#x441;&#x43C;</subfield>
  </datafield>
  <datafield tag="300" ind1=" " ind2=" ">
    <subfield code="a">&#x412; &#x432;&#x44B;&#x43F;. &#x434;&#x430;&#x43D;.: &#x41E;&#x442;&#x432;&#x430;&#x436;&#x43D;&#x44B;&#x439; &#x43C;&#x443;&#x440;&#x430;&#x432;&#x435;&#x439; / &#x422;. &#x41C;&#x430;&#x43A;&#x430;&#x440;&#x43E;&#x432;&#x430;</subfield>
  </datafield>
  <datafield tag="517" ind1="1" ind2=" ">
    <subfield code="a">&#x41E;&#x442;&#x432;&#x430;&#x436;&#x43D;&#x44B;&#x439; &#x43C;&#x443;&#x440;&#x430;&#x432;&#x435;&#x439;</subfield>
    <subfield code="z">rus</subfield>
  </datafield>
  <datafield tag="620" ind1=" " ind2=" ">
    <subfield code="a">&#x41C;&#x43E;&#x441;&#x43A;&#x432;&#x430;</subfield>
  </datafield>
  <datafield tag="686" ind1=" " ind2=" ">
    <subfield code="a">&#x414;&#x43B;550-1</subfield>
    <subfield code="2">rubbk</subfield>
  </datafield>
  <datafield tag="700" ind1=" " ind2="1">
    <subfield code="9">z01790</subfield>
    <subfield code="a">Makarova</subfield>
    <subfield code="b">T. K.</subfield>
    <subfield code="g">Tat'jana Konstantinovna</subfield>
  </datafield>
  <datafield tag="790" ind1=" " ind2="1">
    <subfield code="9">z01700</subfield>
    <subfield code="a">Makarowa</subfield>
    <subfield code="b">T.</subfield>
    <subfield code="g">Tatjana</subfield>
    <subfield code="4">070</subfield>
  </datafield>
  <datafield tag="801" ind1=" " ind2="1">
    <subfield code="a">RU</subfield>
    <subfield code="b">InfoComm</subfield>
    <subfield code="c">20130213</subfield>
  </datafield>
  <datafield tag="801" ind1=" " ind2="0">
    <subfield code="a">RU</subfield>
    <subfield code="b">NLR</subfield>
    <subfield code="g">PSBO</subfield>
  </datafield>
  <datafield tag="852" ind1=" " ind2=" ">
    <subfield code="a">NLR</subfield>
    <subfield code="j">&#x421;&#x43B; &#x41F;&#x43E;&#x43B;-4/4119</subfield>
  </datafield>
  <datafield tag="942" ind1=" " ind2=" ">
    <subfield code="c">BOOK</subfield>
  </datafield>
  <datafield tag="980" ind1=" " ind2=" ">
    <subfield code="a">NB</subfield>
  </datafield>
</record>
